[Event "Rewal op-B 15th"]
[Site "Rewal"]
[Date "2010.08.26"]
[Round "7"]
[White "Szmidt, Przemyslaw"]
[Black "Szczecina, Michal"]
[Result "1/2-1/2"]
[WhiteElo "2031"]
[BlackElo "2100"]
[PlyCount "32"]
[EventDate "2010.08.18"]
[EventType "swiss"]
[EventRounds "9"]
[EventCountry "POL"]
[SourceTitle "EXT 2014"]
[Source "ChessBase"]
[SourceDate "2013.11.20"]
[SourceVersion "1"]
[SourceVersionDate "2013.11.20"]
[SourceQuality "1"]

1. e4 c6 2. d4 d5 3. Nc3 dxe4 4. Nxe4 Bf5 5. Ng3 Bg6 6. h4 h6 7. Nf3 Nd7 8. h5 Bh7 9. Bd3 Bxd3 10. Qxd3 Qc7 11. Rh4 e6 12. Bf4 Bd6 13. Bxd6 Qxd6 14. 0-0-0 Ngf6 15. Ne4 Nxe4 16. Qxe4 Qd5 1/2-1/2

[Event "Rewal op-B 15th"]
[Site "Rewal"]
[Date "2010.08.25"]
[Round "6"]
[White "Szczecina, Michal"]
[Black "Zakrzewski, Marek"]
[Result "1/2-1/2"]
[WhiteElo "2100"]
[BlackElo "2053"]
[PlyCount "72"]
[EventDate "2010.08.18"]
[EventType "swiss"]
[EventRounds "9"]
[EventCountry "POL"]
[SourceTitle "EXT 2014"]
[Source "ChessBase"]
[SourceDate "2013.11.20"]
[SourceVersion "1"]
[SourceVersionDate "2013.11.20"]
[SourceQuality "1"]

1. d4 d5 2. c4 Nc6 3. Nc3 Nf6 4. cxd5 Nxd5 5. e4 Nxc3 6. bxc3 e5 7. d5 Nb8 8. Nf3 Bd6 9. h3 0-0 10. Bd3 Nd7 11. Be3 Qe7 12. 0-0 Nc5 13. Bc2 Bd7 14. Nd2 Rae8 15. Qb1 b6 16. a4 a5 17. Nc4 Nb7 18. Nxd6 Nxd6 19. Qb3 Kh8 20. Bd3 f5 21. exf5 Bxf5 22. Bxf5 Nxf5 23. Qc4 Qf7 24. Rad1 Re7 25. Qc6 Qh5 26. d6 cxd6 27. Bxb6 e4 28. Rxd6 Nxd6 29. Qxd6 Rfe8 30. Bd4 Qf5 31. Re1 Rf7 32. Qc6 Re6 33. Qc8+ Rf8 34. Qd7 Rf7 35. Qc8+ Rf8 36. Qd7 Rf7 1/2-1/2

[Event "Rewal op-B 15th"]
[Site "Rewal"]
[Date "2010.08.23"]
[Round "4"]
[White "Kubica, Kamil"]
[Black "Szczecina, Michal"]
[Result "0-1"]
[WhiteElo "1949"]
[BlackElo "2100"]
[PlyCount "62"]
[EventDate "2010.08.18"]
[EventType "swiss"]
[EventRounds "9"]
[EventCountry "POL"]
[SourceTitle "EXT 2014"]
[Source "ChessBase"]
[SourceDate "2013.11.20"]
[SourceVersion "1"]
[SourceVersionDate "2013.11.20"]
[SourceQuality "1"]

1. d4 Nf6 2. c4 e6 3. Nc3 Bb4 4. Qc2 c5 5. e3 d6 6. Nf3 Nc6 7. a3 Bxc3+ 8. bxc3 Qe7 9. e4 e5 10. d5 Nb8 11. Be2 b6 12. a4 a5 13. Rb1 Nbd7 14. Nh4 g6 15. 0-0 Nh5 16. g3 Ng7 17. f4 f6 18. f5 g5 19. Nf3 Kd8 20. Nxg5 fxg5 21. f6 Nxf6 22. Bxg5 Nge8 23. Bh5 Qg7 24. Bh4 Kc7 25. Bxe8 Nxe8 26. Rxb6 Kxb6 27. Qb2+ Ka7 28. Rb1 Qc7 29. Rf1 Bh3 30. Rf2 Rb8 31. Qc1 Qb7 0-1

[Event "POL-chT Region"]
[Site "Swietokrzyskie"]
[Date "2010.02.07"]
[Round "8"]
[White "Szczecina, Michal"]
[Black "Szymanowicz, Maksymilian"]
[Result "1-0"]
[WhiteElo "2100"]
[BlackElo "1586"]
[PlyCount "61"]
[EventDate "2010.01.09"]
[EventType "team-swiss"]
[EventRounds "10"]
[EventCountry "POL"]
[SourceTitle "EXT 2013"]
[Source "ChessBase"]
[SourceDate "2012.11.22"]
[SourceVersion "1"]
[SourceVersionDate "2012.11.22"]
[SourceQuality "1"]

1. d4 d5 2. c4 e6 3. Nc3 Nf6 4. Bg5 Nbd7 5. e3 c6 6. cxd5 exd5 7. Bd3 Be7 8. Qc2 0-0 9. Nge2 h6 10. h4 Re8 11. Bxf6 Nxf6 12. 0-0-0 a5 13. Nf4 Bd6 14. Nce2 Qc7 15. Kb1 Bd7 16. Rc1 Rec8 17. Bf5 b5 18. Rhg1 Bxf5 19. Qxf5 Qb7 20. f3 Bb4 21. Nc3 a4 22. g4 a3 23. b3 Qd7 24. Qd3 Bd6 25. g5 Ne8 26. gxh6 Bxf4 27. exf4 b4 28. hxg7 bxc3 29. Qh7+ Kxh7 30. g8Q+ Kh6 31. Qh8# 1-0

[Event "POL-chT Region"]
[Site "Swietokrzyskie"]
[Date "2010.01.10"]
[Round "4"]
[White "Komperda, Robert"]
[Black "Szczecina, Michal"]
[Result "1/2-1/2"]
[WhiteElo "1973"]
[BlackElo "2100"]
[PlyCount "71"]
[EventDate "2010.01.09"]
[EventType "team-swiss"]
[EventRounds "10"]
[EventCountry "POL"]
[SourceTitle "EXT 2013"]
[Source "ChessBase"]
[SourceDate "2012.11.22"]
[SourceVersion "1"]
[SourceVersionDate "2012.11.22"]
[SourceQuality "1"]

1. d4 Nf6 2. c4 e6 3. Nf3 Bb4+ 4. Bd2 Qe7 5. g3 0-0 6. Bg2 Bxd2+ 7. Qxd2 d6 8. Nc3 Re8 9. 0-0 e5 10. dxe5 dxe5 11. Ng5 c6 12. Rad1 Na6 13. Qd6 Qxd6 14. Rxd6 h6 15. Nge4 Nxe4 16. Nxe4 Be6 17. b3 f5 18. Nc3 Kf7 19. Rfd1 Ke7 20. Na4 Rad8 21. Rxd8 Rxd8 22. Rxd8 Kxd8 23. Nc3 g5 24. Kf1 Kc7 25. Ke1 Kd6 26. Kd2 Nc7 27. e3 b5 28. cxb5 cxb5 29. b4 e4 30. f3 exf3 31. Bxf3 Ke5 32. a3 Bc4 33. Bc6 Kd6 34. Bb7 Ke5 35. Bc6 Kd6 36. Bb7 1/2-1/2

[Event "POL-chT 2nd League"]
[Site "Wysowa"]
[Date "2003.09.12"]
[Round "9"]
[White "Papka, Sebastian"]
[Black "Szczecina, Michal"]
[Result "1/2-1/2"]
[WhiteElo "2148"]
[BlackElo "2069"]
[PlyCount "97"]
[EventDate "2003.09.06"]
[EventType "team-swiss"]
[EventRounds "11"]
[EventCountry "POL"]
[SourceTitle "CBM 096 Extra"]
[Source "ChessBase"]
[SourceDate "2003.10.22"]
[SourceVersion "2"]
[SourceVersionDate "2003.10.20"]
[SourceQuality "1"]
[WhiteTeam "Torun Torfarm 64"]
[BlackTeam "Kielce Fart"]
[WhiteTeamCountry "POL"]
[BlackTeamCountry "POL"]

1. d4 Nf6 2. Nf3 e6 3. c4 Bb4+ 4. Bd2 Qe7 5. g3 0-0 6. Bg2 Bxd2+ 7. Nbxd2 d6 8. e4 e5 9. d5 a5 10. 0-0 Na6 11. Ne1 Nc5 12. Qc2 Re8 13. b3 g6 14. a3 Nh5 15. Rb1 f5 16. f3 f4 17. g4 Ng7 18. b4 axb4 19. axb4 Na6 20. Nd3 Bd7 21. Ra1 h5 22. h3 Kf7 23. Ra2 Rh8 24. Rfa1 Rab8 25. Nf1 Ne8 26. Ra5 Rc8 27. c5 Nb8 28. Ra7 Bb5 29. cxd6 Bxd3 30. Qxd3 Nxd6 31. R7a2 Nd7 32. Rc1 Ra8 33. Rxa8 Rxa8 34. Rxc7 Qd8 35. Qc2 hxg4 36. fxg4 Rc8 37. Rxc8 Nxc8 38. Nd2 Qb6+ 39. Kh2 Nd6 40. Qc3 Qe3 41. Qxe3 fxe3 42. Nf3 Nxe4 43. Ne1 Nc3 44. Kg3 Nf6 45. d6 Nce4+ 46. Kf3 e2 47. d7 Ke7 48. Ke3 Nd6 49. Kd3 1/2-1/2

[Event "POL-chT 58th 2nd League"]
[Site "Wisla"]
[Date "2002.??.??"]
[Round "?"]
[White "Domanski, Jerzy"]
[Black "Szczecina, Michal"]
[Result "1/2-1/2"]
[WhiteElo "2090"]
[BlackElo "2065"]
[PlyCount "40"]
[EventDate "2002.08.30"]
[EventType "team-swiss"]
[EventRounds "11"]
[EventCountry "POL"]
[SourceTitle "EXT 2019"]
[Source "ChessBase"]
[SourceDate "2018.10.10"]
[SourceVersion "1"]
[SourceVersionDate "2018.10.10"]
[SourceQuality "1"]

1. d4 Nf6 2. c4 e6 3. Nc3 Bb4 4. Nf3 c5 5. e3 d6 6. Be2 Nc6 7. Bd2 Qe7 8. a3 Bxc3 9. Bxc3 Ne4 10. Qc2 Nxc3 11. Qxc3 e5 12. d5 Nd8 13. e4 0-0 14. 0-0-0 f5 15. Bd3 Nf7 16. Nd2 fxe4 17. Nxe4 Ng5 18. Rd2 Bf5 19. Nxg5 Qxg5 20. f3 Bxd3 1/2-1/2

[Event "POL-chT 58th 2nd League"]
[Site "Wisla"]
[Date "2002.??.??"]
[Round "?"]
[White "Szczecina, Michal"]
[Black "Kliemt, Grzegorz"]
[Result "1/2-1/2"]
[WhiteElo "2065"]
[BlackElo "2100"]
[PlyCount "40"]
[EventDate "2002.08.30"]
[EventType "team-swiss"]
[EventRounds "11"]
[EventCountry "POL"]
[SourceTitle "EXT 2019"]
[Source "ChessBase"]
[SourceDate "2018.10.10"]
[SourceVersion "1"]
[SourceVersionDate "2018.10.10"]
[SourceQuality "1"]

1. d4 Nf6 2. c4 e6 3. Nf3 b6 4. g3 Bb7 5. Bg2 d5 6. cxd5 exd5 7. Nc3 Bd6 8. Ne5 0-0 9. Bg5 c6 10. 0-0 Re8 11. f4 Be7 12. Qa4 b5 13. Qc2 Qb6 14. e3 Nbd7 15. Bh3 Rad8 16. a4 b4 17. a5 Qc7 18. Bxd7 Rxd7 19. Nxd7 Qxd7 20. Na4 Ng4 1/2-1/2

[Event "POL-ch U18"]
[Site "Krynica"]
[Date "1998.??.??"]
[Round "?"]
[White "Szczecina, Michal"]
[Black "Borowski, Piotr"]
[Result "1/2-1/2"]
[WhiteElo "2065"]
[BlackElo "2160"]
[PlyCount "89"]
[EventDate "1998.??.??"]
[EventType "swiss"]
[EventRounds "11"]
[EventCountry "POL"]
[SourceTitle "EXT 2002"]
[Source "ChessBase"]
[SourceDate "2001.11.25"]
[SourceVersion "1"]
[SourceVersionDate "2001.11.25"]
[SourceQuality "1"]

1. c4 e5 2. g3 Nc6 3. Nc3 g6 4. Bg2 Bg7 5. e3 Nge7 6. Nge2 Nf5 7. d3 d6 8. 0-0 Be6 9. Nd5 0-0 10. e4 Nfd4 11. Nxd4 Nxd4 12. f4 c6 13. Nc3 Qd7 14. Be3 Bg4 15. Qd2 Rae8 16. Rae1 Bh3 17. Ne2 Bxg2 18. Kxg2 Nxe2 19. Rxe2 exf4 20. Rxf4 a6 21. Ref2 Qe7 22. R4f3 Rd8 23. Qb4 Rd7 24. Re2 Qe6 25. Rff2 Re8 26. Qb6 h5 27. Bf4 Rde7 28. b3 Be5 29. Qe3 d5 30. exd5 cxd5 31. Bxe5 Qxe5 32. Qxe5 Rxe5 33. Rxe5 Rxe5 34. d4 Re4 35. Rd2 Kf8 36. Kf3 f5 37. h4 Ke7 38. Re2 Kd6 39. Rxe4 dxe4+ 40. Ke3 a5 41. a3 Kc6 42. b4 axb4 43. axb4 b5 44. c5 Kd5 45. Ke2 1/2-1/2

[Event "POL-chT2 U18"]
[Site "Augustow"]
[Date "1996.??.??"]
[Round "?"]
[White "Szczecina, Michal"]
[Black "Cwiek, Mariusz"]
[Result "1/2-1/2"]
[WhiteElo "2085"]
[BlackElo "1800"]
[PlyCount "49"]
[EventDate "1996.??.??"]
[EventType "team-tourn"]
[EventRounds "10"]
[EventCountry "POL"]
[SourceTitle "EXT 2003"]
[Source "ChessBase"]
[SourceDate "2002.11.25"]
[SourceVersion "1"]
[SourceVersionDate "2002.11.25"]
[SourceQuality "1"]

1. c4 e5 2. g3 g6 3. Nc3 Bg7 4. Bg2 Nc6 5. e3 d6 6. Nge2 f5 7. d4 Nf6 8. 0-0 0-0 9. Rb1 Ne7 10. b4 e4 11. f3 exf3 12. Bxf3 d5 13. Nf4 dxc4 14. Qe2 Kh8 15. Qxc4 g5 16. Ne6 Bxe6 17. Qxe6 c6 18. b5 Nfd5 19. Nxd5 Nxd5 20. bxc6 bxc6 21. Qxc6 Nb6 22. Rxb6 Rc8 23. Qxc8 Qxc8 24. Rc6 Qd7 25. d5 1/2-1/2

[Event "POL-chT2 U18"]
[Site "Augustow"]
[Date "1996.??.??"]
[Round "?"]
[White "Szczecina, Michal"]
[Black "Koc, Przemyslaw"]
[Result "1/2-1/2"]
[WhiteElo "2085"]
[BlackElo "2235"]
[PlyCount "30"]
[EventDate "1996.??.??"]
[EventType "team-tourn"]
[EventRounds "10"]
[EventCountry "POL"]
[SourceTitle "EXT 2003"]
[Source "ChessBase"]
[SourceDate "2002.11.25"]
[SourceVersion "1"]
[SourceVersionDate "2002.11.25"]
[SourceQuality "1"]

1. c4 e5 2. Nc3 d6 3. g3 g6 4. Bg2 Bg7 5. e3 f5 6. d3 Nf6 7. Nge2 0-0 8. 0-0 a5 9. Rb1 c5 10. Nd5 Nxd5 11. Bxd5+ Kh8 12. a3 Nc6 13. Bd2 Ne7 14. Bg2 a4 15. Nc3 Qe8 1/2-1/2